| 000 | 01391nam0a2200397 4500 | ||
|---|---|---|---|
| 001 | RU\NLR\bibl\277804 | ||
| 005 | 20260406132626.0 | ||
| 010 |
_a5-87604-008-8 _92000 |
||
| 021 |
_aRU _b2002-6171 _9300 |
||
| 035 | _a(NLR Aleph) 000273310 | ||
| 090 |
_a1598376 _c1598376 |
||
| 100 | _a20020613d2002 |||y0rusy50 ca | ||
| 101 | 0 | _arus | |
| 102 | _aRU | ||
| 105 | _ay ||||||||| | ||
| 200 | 1 |
_aИсторические корни волшебной сказки _fВ. Я. Пропп |
|
| 210 |
_aМ. _cЛабиринт _d2002 |
||
| 215 |
_a333 с. _d21 |
||
| 320 | _aУказ. персонажей: с. 328-330 | ||
| 320 | _aБиблиогр.: с. 318-327 | ||
| 606 | 0 |
_aСказка _91631525 _3RU\NLR\auth\661019016 |
|
| 606 | 0 |
_aСказки русские _91197573 _3RU\NLR\auth\66166301 |
|
| 606 | 0 |
_aВолшебные сказки _91330788 _3RU\NLR\auth\66238546 |
|
| 610 | 0 | _aСказка волшебная | |
| 610 | 0 | _aСказка - Структурный анализ | |
| 675 |
_a821.09 _v3 _zrus |
||
| 686 |
_a83.3(0) _2rubbk |
||
| 686 | _aШ201.31 | ||
| 686 | _aШ3(2=1Р)-615.1 | ||
| 700 | 1 |
_4070 _7ca _8rus _aПропп _bВ. Я. _f1895-1970 _gВладимир Яковлевич _3RU\NLR\auth\771924 _9111941 |
|
| 801 | 0 |
_aRU _bRKP _c20020613 _gPSBO |
|
| 801 | 1 |
_aRU _bRKP _c20020613 |
|
| 801 | 2 |
_aRU _bNLR _c20071113 _grcr |
|
| 942 | _cBOOK | ||
| 980 | _aNB | ||